|
|
|
|
| LEADER |
00000nam0a2200000 4500 |
| 001 |
74955 |
| 005 |
20231031090116.0 |
| 035 |
|
|
|a (RuTPU)RU\TPU\book\79933
|
| 090 |
|
|
|a 74955
|
| 100 |
|
|
|a 20050316d1971 km y0rusy50 ca
|
| 101 |
0 |
|
|a rus
|
| 102 |
|
|
|a RU
|
| 105 |
|
|
|a y z 001zy
|
| 200 |
1 |
|
|a Экономическое обоснование строительства и реконструкции химических предприятий
|f М. П. Зубрицкий
|
| 205 |
|
|
|a 3-е изд., перераб. и доп.
|
| 210 |
|
|
|a Ленинград
|c Химия
|d 1971
|
| 215 |
|
|
|a 223 с.
|
| 320 |
|
|
|a Библиогр.: с. 211.
|
| 610 |
1 |
|
|a химическая технология
|
| 610 |
1 |
|
|a химические предприятия
|
| 610 |
1 |
|
|a химические заводы
|
| 610 |
1 |
|
|a строительство
|
| 610 |
1 |
|
|a реконструкция
|
| 610 |
1 |
|
|a экономическое обоснование
|
| 610 |
1 |
|
|a постройка
|
| 610 |
1 |
|
|a технико-экономические показатели
|
| 675 |
|
|
|a 66.02
|v 3
|
| 700 |
|
1 |
|a Зубрицкий
|b М. П.
|g Максим Павлович
|
| 801 |
|
1 |
|a RU
|b 63413507
|c 20050316
|g PSBO
|
| 801 |
|
2 |
|a RU
|b 63413507
|c 20180601
|g PSBO
|
| 942 |
|
|
|c BK
|